Normal view MARC view

Entry Personal Name

Number of records used in: 5

001 - CONTROL NUMBER

  • control field: 7198

003 - CONTROL NUMBER IDENTIFIER

  • control field: dpl

005 - DATE AND TIME OF LATEST TRANSACTION

  • control field: 20100805161359.0

008 - FIXED-LENGTH DATA ELEMENTS

  • fixed length control field: 100805|||a|||||| | ||| d

040 ## - CATALOGING SOURCE

  • Original cataloging agency: dpl
  • Transcribing agency: dpl

100 ## - HEADING--PERSONAL NAME

  • Personal name: जोगिन्दर सिंह

670 ## - SOURCE DATA FOUND

  • Source citation: Work cat.: (dpl): जोगिन्दर सिंह , सोच बदलो सफलता पाओ /, 2010

670 ## - SOURCE DATA FOUND

  • Source citation: Work cat.: (dpl): जोगिन्दर सिंह , सोच बदलो सफलता पाओ /, 2010

© Delhi Public Library
Hit Counter
free hit counter